All Chambers In Gungeon - Statistics

General Stats
  • This quiz has been taken 34 times
  • The average score is 7 of 11
Answer Stats
Chambers % Correct
Forge
86%
Gungeon Proper
86%
Black Powder Mine
79%
Hollow
79%
Bullet Hell
76%
Keep Of The Lead Lord
72%
Oubliette
62%
Abbey Of The True Gun
59%
Resourceful Rat’s Lair
52%
Halls Of Knowledge
34%
R&G Dept
24%
No matching quizzes found
Score Distribution
Percent of People with Each Score
Percentile by Number Answered
Your Score History
You have not taken this quiz